00625cam a2200193 a 450000500170000000800410001702000170005804100080007508000080008310000230009124500550011426000420016930000210021150400660023265000260029865000500032465000300037470000270040420131112032415.0930825s1994 nyu b 001 0 eng  a0671633775 :0 aeng a3381 aBarnet, Richard J.10aGlobal dreams :cRichard J. Barnet, John Cavanagh. aNew York :bSimon & Schuster,cc1994. a480 p. ;c24 cm. aIncludes bibliographical references (p. [459]-465) and index. 0aBiznesivRast studimi 0vNdërmarrjet ndërkombëtare të biznesit 0aHistoria ekonomikey1945-1 aCavanagh, John,d1955-